000 02298cam a2200385 i 4500
001 bcotR000245
005 20210215102205.0
006 m u
007 cr cn ---uuuuu
008 180220s2018 bcc ob 000 0 eng d
035 _a(OCoLC)1027223151
037 _bBCOpenCampus
_cCostFree
_fFormOnline
_gAccessOpen
040 _aCaBSKC
_beng
_erda
_cCaBSKC
050 4 _aLB1044.88
_bA475 2018eb
100 1 _aAesoph, Lauri M.,
_eauthor.
245 1 0 _aSelf-publishing guide :
_ba BCcampus Open Education reference for writing and self-publishing an open textbook/
_cLauri M. Aesoph.
246 3 _aBCcampus Open Education Self-Publishing Guide
264 1 _bBCcampus, BC Open Textbook Project,
300 _a1 online resource (x, 178 pages)
500 _aThis bibliographic record is available under the Creative Commons CC0 "No Rights Reserved" license.
500 _aThis work is licensed under the Creative Commons Attribution-NonCommercial-ShareAlike License.
504 _aIncludes bibliographical references.
520 _a"The BCcampus Open Education Self-Publishing Guide is a reference for individuals or groups wanting to write and self-publish an open textbook.This guide provides details on the preparation, planning, writing, publication, and maintenance of an open textbook. Copyright, open-copyright licences, and the differences between citation and attribution are discussed as well as the importance of copy editing and proofreading. Checklists and templates are also provided. This guide replaces the BCcampus Open Education Authoring Guide."--BC Campus website.
588 _aDescription based on online resource; title from pdf title page (viewed on Febrary 20, 2018).
650 0 _aTeaching
_xAids and devices
_vTextbooks.
655 0 _aElectronic books.
710 2 _aBC Open Textbook Project,
_edistributor.
710 2 _aBCcampus.
856 4 0 _3BC Open Textbook Project title homepage.
_uhttps://open.bccampus.ca/find-open-textbooks/?uuid=1d31f3b7-dd9f-4f47-97eb-430afb45ead6&contributor=&keyword=&subject=
856 4 0 _3HTML file.
_uhttps://opentextbc.ca/selfpublishguide/
999 _c28385
_d28385